<?xml version="1.0" encoding="UTF-8"?><?xml-stylesheet type="text/xsl" href="static/style.xsl"?><OAI-PMH xmlns="http://www.openarchives.org/OAI/2.0/" xmlns:xsi="http://www.w3.org/2001/XMLSchema-instance" xsi:schemaLocation="http://www.openarchives.org/OAI/2.0/ http://www.openarchives.org/OAI/2.0/OAI-PMH.xsd"><responseDate>2026-04-27T22:07:24Z</responseDate><request verb="GetRecord" identifier="oai:uvadoc.uva.es:10324/70635" metadataPrefix="marc">https://uvadoc.uva.es/oai/request</request><GetRecord><record><header><identifier>oai:uvadoc.uva.es:10324/70635</identifier><datestamp>2025-03-07T07:47:36Z</datestamp><setSpec>com_10324_1191</setSpec><setSpec>com_10324_931</setSpec><setSpec>com_10324_894</setSpec><setSpec>col_10324_1379</setSpec></header><metadata><record xmlns="http://www.loc.gov/MARC21/slim" xmlns:doc="http://www.lyncode.com/xoai" xmlns:xsi="http://www.w3.org/2001/XMLSchema-instance" xmlns:dcterms="http://purl.org/dc/terms/" xsi:schemaLocation="http://www.loc.gov/MARC21/slim http://www.loc.gov/standards/marcxml/schema/MARC21slim.xsd">
<leader>00925njm 22002777a 4500</leader>
<datafield tag="042" ind1=" " ind2=" ">
<subfield code="a">dc</subfield>
</datafield>
<datafield tag="720" ind1=" " ind2=" ">
<subfield code="a">García Azorín, David</subfield>
<subfield code="e">author</subfield>
</datafield>
<datafield tag="720" ind1=" " ind2=" ">
<subfield code="a">García Ruiz, Claudia</subfield>
<subfield code="e">author</subfield>
</datafield>
<datafield tag="720" ind1=" " ind2=" ">
<subfield code="a">Sierra Mencía, Álvaro</subfield>
<subfield code="e">author</subfield>
</datafield>
<datafield tag="720" ind1=" " ind2=" ">
<subfield code="a">González Osorio, Yesica</subfield>
<subfield code="e">author</subfield>
</datafield>
<datafield tag="720" ind1=" " ind2=" ">
<subfield code="a">Recio García, Andrea</subfield>
<subfield code="e">author</subfield>
</datafield>
<datafield tag="720" ind1=" " ind2=" ">
<subfield code="a">González Celestino, Ana</subfield>
<subfield code="e">author</subfield>
</datafield>
<datafield tag="720" ind1=" " ind2=" ">
<subfield code="a">García Iglesias, Cristina</subfield>
<subfield code="e">author</subfield>
</datafield>
<datafield tag="720" ind1=" " ind2=" ">
<subfield code="a">Planchuelo Gómez, Álvaro</subfield>
<subfield code="e">author</subfield>
</datafield>
<datafield tag="720" ind1=" " ind2=" ">
<subfield code="a">Echavarría Íñiguez, Ana</subfield>
<subfield code="e">author</subfield>
</datafield>
<datafield tag="720" ind1=" " ind2=" ">
<subfield code="a">Guerrero Peral, Angel Luis</subfield>
<subfield code="e">author</subfield>
</datafield>
<datafield tag="260" ind1=" " ind2=" ">
<subfield code="c">2024</subfield>
</datafield>
<datafield tag="520" ind1=" " ind2=" ">
<subfield code="a">To describe the need and effectiveness of acute and preventive medications in a series of 100 consecutive patients referred due to COVID-19-related headaches. Patients were aged 48.0 (standard deviation (SD): 12.4), 84% were female, and 56% had a prior history of headache. The most common headache phenotype was holocranial (63%), frontal (48%), pressing (75%), of moderate intensity (7 out of 10), and accompanied by photophobia (58%). Acute medication was required by 93%, with paracetamol (46%) being the most frequently used drug, followed by ibuprofen (44%). The drugs with the highest proportion of a 2 h pain-freedom response were dexketoprofen (58.8%), triptans (57.7%), and ibuprofen (54.3%). Preventive treatment was required by 75% of patients. The most frequently used drugs were amitriptyline (66%), anesthetic blockades (18%), and onabotulinumtoxinA (11%). The drugs with the highest 50% responder rate were amitriptyline (45.5%), mirtazapine (50%), and anesthetic blockades (38.9%). The highest 75% responder rate was experienced following onabotulinumtoxinA (18.2%). In conclusion, most patients required acute medication, with triptans and non-steroidal anti-inflammatory drugs achieving the best responses. Three-quarters of patients required preventive medication. The most frequently used drug was amitriptyline, which obtained the best results. In some treatment-resistant patients, anesthetic blockades and onabotulinumtoxinA were also beneficial.</subfield>
</datafield>
<datafield tag="024" ind2=" " ind1="8">
<subfield code="a">Life (Basel), 2024, vol. 14, n. 7, p. 910</subfield>
</datafield>
<datafield tag="024" ind2=" " ind1="8">
<subfield code="a">https://uvadoc.uva.es/handle/10324/70635</subfield>
</datafield>
<datafield tag="024" ind2=" " ind1="8">
<subfield code="a">10.3390/life14070910</subfield>
</datafield>
<datafield tag="024" ind2=" " ind1="8">
<subfield code="a">910</subfield>
</datafield>
<datafield tag="024" ind2=" " ind1="8">
<subfield code="a">7</subfield>
</datafield>
<datafield tag="024" ind2=" " ind1="8">
<subfield code="a">Life</subfield>
</datafield>
<datafield tag="024" ind2=" " ind1="8">
<subfield code="a">14</subfield>
</datafield>
<datafield tag="024" ind2=" " ind1="8">
<subfield code="a">2075-1729</subfield>
</datafield>
<datafield tag="245" ind1="0" ind2="0">
<subfield code="a">Acute and Preventive Treatment of COVID-19-Related Headache: A Series of 100 Patients</subfield>
</datafield>
</record></metadata></record></GetRecord></OAI-PMH>